Picture Click Quiz - Harry Potter Characters #4 - Statistics

General Stats
  • This quiz has been taken 435 times
  • The average score is 25 of 30
Answer Stats
Hint Answer % Correct
Fred & George Weasley
Fauna
98%
Draco Malfoy
Olaf
98%
James Potter
Pegasus
98%
Albus Severus Potter
Bagheera
96%
Peter Pettigrew
Pleakly
96%
Narcissa Malfoy
Merryweather
96%
Nagini
Eeyore
95%
Bellatrix Lestrange
Heihei
95%
Buckbeak
Sven
93%
Crookshanks
Tinkerbell
91%
Rita Skeeter
Tantor
89%
Bartemius Crouch Sr.
Meeko
89%
Vincent Crabbe
Dopey
88%
Pomona Sprout
Jiminy Cricket
88%
Amos Diggory
Mrs. Potts
86%
Filius Flitwick
Flit
86%
Pansy Parkinson
Genie
84%
Helena Ravenclaw
Gus
84%
Rolanda Hooch
Thumper
82%
Ariana Dumbledore
Pascal
81%
Marcus Flint
Louis
81%
Igor Karkaroff
Terk
79%
Frank Longbottom
Baloo
75%
Gabrielle Delacour
Panic
74%
Blaise Zabini
Ray
70%
Charity Burbage
Sleepy
70%
Gellert Grindelwald
Bruni
65%
Pius Thicknesse
Bashful
65%
Bogrod
Maximus
65%
John Dawlish
Flounder
53%
No matching quizzes found
Score Distribution
Percent of People with Each Score
Percentile by Number Answered
Your Score History
You have not taken this quiz